| 000 | 00834cam a22002534a 4500 | ||
|---|---|---|---|
| 003 | OSt | ||
| 005 | 20140310182457.0 | ||
| 008 | 070612s2008 mau b 001 0 eng | ||
| 020 | _a9789715847711 | ||
| 050 | 0 | 0 |
_aRM 300 _b.H446 2008 |
| 100 | 1 |
_aHerbert-Ashton, Marilyn J. _98465 |
|
| 245 | 1 | 0 |
_aPharmacology / _cMarilyn J. Herbert-Ashton, Nancy Elaine Clarkson. |
| 250 | _a2nd ed. | ||
| 260 |
_aSudbury, MA : _bJones and Bartlett Publishers, _cc2008. |
||
| 300 |
_a654 p. : _c23 cm. _bill. ; |
||
| 440 | 0 |
_aQuick look nursing _98466 |
|
| 650 | 0 |
_aPharmacology. _97300 |
|
| 650 | 0 |
_aNursing. _98279 |
|
| 650 | 1 | 2 |
_aPharmacology _vNurses' Instruction. _98467 |
| 700 | 1 |
_aClarkson, Nancy Elaine. _98468 |
|
| 856 | 4 | 1 |
_3Table of contents _uhttp://www.loc.gov/catdir/toc/fy0803/2007024685.html |
| 942 |
_2lcc _cSSLC |
||
| 999 |
_c13760 _d13760 |
||